Normal view
MARC view
- Dr. Zeeshan Ali Khan
Entry Personal Name
001 - CONTROL NUMBER
- control field: 29128
003 - CONTROL NUMBER IDENTIFIER
- control field: NUST
005 - DATE AND TIME OF LATEST TRANSACTION
- control field: 20200608121324.0
008 - FIXED-LENGTH DATA ELEMENTS
- fixed length control field: 200608|| aca||aabn | a|a d
040 ## - CATALOGING SOURCE
- Original cataloging agency: NUST
- Transcribing agency: NUST
100 ## - HEADING--PERSONAL NAME
- Personal name: Dr. Zeeshan Ali Khan
670 ## - SOURCE DATA FOUND
- Source citation: Work cat.: (NUST): Muhammad Zohaib Farooq 29127, Co-Pyrolysis of Wheat Straw and Waste Tires in Fixed-Bed Reactor /, 2017.
